00866nam a22002177a 4500999001900000005001700019010001500036020002700051035001400078037001300092082001200105245014900117260004500266270006100311300002400372500005000396700002200446700002000468942002600488952013400514 c165647d16564720190626111512.0 aENG-125765 a9780199490684c1395.00 aEN-109297 bDBAD/PUB a381.954 aTransregional trade and traders :ced.by Edward A. Alpers [and] Chhaya Goswamibsituating Gujrat in the Indian ocean from early times to 1900 / aNew DelhibOxford University Pressc2019 a2/11 Ground Floor, Ansari RoadbDaryaganj, Delhie110002 aviii, 397c22cm(Hb) aIncludes bibliographical references and index aAlpers, Edward A. aGoswami, Chhaya 2ddccENh381.954mTRA 001040708NFICaLbLd2019-06-26eDBAD/PUBg1395.00l1o381.954 TRApEN-109297r2023-11-04 00:00:00s2023-09-04t1v1395.00yEN